00516cam a22002052 4500001001100000005001700011008004100028020000500069040001500074100000500089245007900094250000500173260006100178300000500239500001500244505001100259650000700270700002800277700000500305000001917120151217152147.0101018s xx 000 0 eng d a aKABUcKABU1 a10aLaw and development in the third world /cedited by Yash Vyas ... [et al.] a aNairobi :bUniversity of Nairobi, Faculty of Law,c1994. a aPhotocopy.8 aPages. 0az1 aVyas, Yash.@00001788131 a